000 00874nam a2200253 u 4500
005 20220811110926.0
008 180417s2013 es r 000 0 spa d
020 _a9788433026736
035 _aUPN01000224095
049 _aC
050 4 _aBF632
_bB4.24
100 1 _aBender, Claudia
_942071
245 1 0 _aDiccionario de técnicas mentales :
_blas mejores técnicas de la A a la Z /
_cClaudia Bender, Michael Draksal ; tr. Monaida García Skorzeny.
260 _aBilbao, Esp. :
_bDesclée de Brouwer,
_c2013.
300 _a394 p.
440 0 _aSerendipity.
_pMaior ;
_v46
534 _pTítulo original:
_tDas lexikon der mentaltechniken : die besten methoden von a bis z
650 4 _aAutocontrol
_92903
650 4 _aTECNICAS DE AUTOAYUDA
_9377
650 4 _aDISCIPLINA MENTAL
_914124
700 1 _aDraksal, Michael,
_ecoaut.
905 _aLibro
999 _c196192
_d196192